Fürsorge und Sozialreform: Gesamtbericht über den Deutschen Fürsorgetag 1955
| Corporate Authors: | ; |
|---|---|
| Format: | Print Book |
| Language: | German |
| Published: |
Köln Berlin
Heymann
1956
|
| In: | Year: 1956 |
| Availability in Tübingen: | Present in Tübingen. UB: Ee 726;3-2 |
| Availability in Albert-Krebs Library: | VC.00.015 1996-1224 |
| Check availability: | HBZ Gateway |
| Subito Delivery Service: | Order now. |
| Keywords: |
MARC
| LEADER | 00000cam a2200000 c 4500 | ||
|---|---|---|---|
| 001 | 1076243444 | ||
| 003 | DE-627 | ||
| 005 | 20260206202111.0 | ||
| 007 | tu | ||
| 008 | 850101s1956 gw ||||| 00| ||ger c | ||
| 035 | |a (DE-627)1076243444 | ||
| 035 | |a (DE-603)089628349 | ||
| 035 | |a (DE-576)006243444 | ||
| 035 | |a (DE-599)BSZ006243444 | ||
| 035 | |a (OCoLC)12768865 | ||
| 035 | |a (DE-604)8071144153 | ||
| 040 | |a DE-627 |b ger |c DE-627 |e rakwb | ||
| 041 | |a ger | ||
| 044 | |c XA-DE | ||
| 084 | |a 1 |2 ssgn | ||
| 084 | |a 2,1 |2 ssgn | ||
| 084 | |a MS 6470 |2 rvk |0 (DE-625)rvk/123756: | ||
| 084 | |a QX 900 |2 rvk |0 (DE-625)rvk/142209: | ||
| 084 | |a BL 6120 |2 rvk |0 (DE-625)rvk/12225: | ||
| 245 | 0 | 0 | |a Fürsorge und Sozialreform |b Gesamtbericht über den Deutschen Fürsorgetag 1955 |
| 264 | 1 | |a Köln |a Berlin |b Heymann |c 1956 | |
| 300 | |a VIII, 598 S. |b graph. Darst. | ||
| 336 | |a Text |b txt |2 rdacontent | ||
| 337 | |a ohne Hilfsmittel zu benutzen |b n |2 rdamedia | ||
| 338 | |a Band |b nc |2 rdacarrier | ||
| 490 | 0 | |a Schriften des Deutschen Vereins fuer Öffentliche und Private Fürsorge | |
| 500 | |a Literaturverz. S. [590] - 598 | ||
| 583 | 1 | |a Archivierung/Langzeitarchivierung gewährleistet |f SSG |x XA-DE-BW |2 pdager |5 DE-21 | |
| 583 | 1 | |a Massenentsäuert |c 2016 |k DE-18 |2 pdager |5 DE-H216 | |
| 650 | 0 | 7 | |0 (DE-588)4018801-2 |0 (DE-627)106323946 |0 (DE-576)208926593 |a Fürsorge |2 gnd |
| 650 | 4 | |a Fürsorge |x Kongreß |x Frankfurt am Main <1955> |7 (dpeaa)DE-2619 | |
| 651 | 7 | |0 (DE-588)4011889-7 |0 (DE-627)104732423 |0 (DE-576)208896201 |a Deutschland |g Bundesrepublik |2 gnd | |
| 655 | 7 | |a Konferenzschrift |y 1955 |z Frankfurt, Main |0 (DE-588)1071861417 |0 (DE-627)826484824 |0 (DE-576)433375485 |2 gnd-content | |
| 655 | 7 | |a Konferenzschrift |0 (DE-588)1071861417 |0 (DE-627)826484824 |0 (DE-576)433375485 |2 gnd-content | |
| 689 | 0 | 0 | |d g |0 (DE-588)4011889-7 |0 (DE-627)104732423 |0 (DE-576)208896201 |a Deutschland |g Bundesrepublik |2 gnd |
| 689 | 0 | 1 | |d s |0 (DE-588)4018801-2 |0 (DE-627)106323946 |0 (DE-576)208926593 |a Fürsorge |2 gnd |
| 689 | 0 | |5 (DE-627) | |
| 710 | 2 | |a Deutscher Verein für Öffentliche und Private Fürsorge |0 (DE-588)2008628-3 |0 (DE-627)101626533 |0 (DE-576)191636479 |4 oth | |
| 711 | 2 | |a Deutscher Fürsorgetag |n 59 |d 1955 |c Frankfurt, Main |0 (DE-588)806455-6 |0 (DE-627)102402817 |0 (DE-576)192276719 |4 oth | |
| 889 | |w (DE-627)215237358 | ||
| 935 | |a mteo |a mkri | ||
| 935 | |i mdedup | ||
| 935 | |h HEB |i 0501 | ||
| 935 | |h HEB |i 0503 | ||
| 936 | r | v | |a MS 6470 |b Sozialarbeit; Hilfsorganisation, Rehabilitation, Sozialpädagogik, Resozialisierung, Bewährungshilfe |k Soziologie |k Spezielle Soziologien |k Soziale Probleme |k Sozialarbeit; Hilfsorganisation, Rehabilitation, Sozialpädagogik, Resozialisierung, Bewährungshilfe |0 (DE-627)1270651951 |0 (DE-625)rvk/123756: |0 (DE-576)200651951 |
| 936 | r | v | |a QX 900 |b Wohlfahrtswesen, Sozialeinrichtung. Allgemeines |k Wirtschaftswissenschaften |k Sozialpolitik. Gesundheitswesen. Bildungsökonomie |k Wohlfahrtswesen, Sozialeinrichtung |k Wohlfahrtswesen, Sozialeinrichtung. Allgemeines |0 (DE-627)1271483009 |0 (DE-625)rvk/142209: |0 (DE-576)201483009 |
| 936 | r | v | |a BL 6120 |b Wohlfahrtspflege, Fürsorge, Caritas und Diakonie |k Theologie und Religionswissenschaften |k Christliche Gesellschaftslehre |k Staat |k Wohlfahrtspflege, Fürsorge, Caritas und Diakonie |0 (DE-627)1270653415 |0 (DE-625)rvk/12225: |0 (DE-576)200653415 |
| 936 | s | n | |a b100 |2 mzub |
| 936 | s | n | |a q100 |2 mzub |
| 951 | |a BO | ||
| ELC | |b 1 | ||
| LOK | |0 000 xxxxxcx a22 zn 4500 | ||
| LOK | |0 001 2670382738 | ||
| LOK | |0 003 DE-627 | ||
| LOK | |0 004 1076243444 | ||
| LOK | |0 005 20110406194107 | ||
| LOK | |0 008 110406||||||||||||||||ger||||||| | ||
| LOK | |0 040 |a DE-21 |c DE-627 |d DE-21 | ||
| LOK | |0 852 |a DE-21 | ||
| LOK | |0 852 1 |c Ee 726;3-2 |9 00 | ||
| LOK | |0 935 |a dika |a tub3 | ||
| LOK | |0 939 |a 06-04-11 |b l01 | ||
| LOK | |0 000 xxxxxcx a22 zn 4500 | ||
| LOK | |0 001 2048590160 | ||
| LOK | |0 003 DE-627 | ||
| LOK | |0 004 1076243444 | ||
| LOK | |0 005 20100408023343 | ||
| LOK | |0 008 990305||||||||||||||||ger||||||| | ||
| LOK | |0 040 |a DE-21-31 |c DE-627 |d DE-21-31 | ||
| LOK | |0 541 |e 1957/1135 (CG) | ||
| LOK | |0 852 |a DE-21-31 | ||
| LOK | |0 852 1 |c Mm III b 28 |m p |9 00 | ||
| LOK | |0 938 |k p | ||
| LOK | |0 939 |a 05-03-99 |b l01 | ||
| LOK | |0 000 xxxxxcx a22 zn 4500 | ||
| LOK | |0 001 2048589987 | ||
| LOK | |0 003 DE-627 | ||
| LOK | |0 004 1076243444 | ||
| LOK | |0 005 19990329000000 | ||
| LOK | |0 008 990329||||||||||||||||ger||||||| | ||
| LOK | |0 040 |a DE-Frei85 |c DE-627 |d DE-Frei85 | ||
| LOK | |0 852 |a DE-Frei85 | ||
| LOK | |0 852 1 |m p |9 00 | ||
| LOK | |0 938 |k p | ||
| LOK | |0 939 |a 29-03-99 |b l01 | ||
| LOK | |0 000 xxxxxcx a22 zn 4500 | ||
| LOK | |0 001 4196221440 | ||
| LOK | |0 003 DE-627 | ||
| LOK | |0 004 1076243444 | ||
| LOK | |0 005 20221011145749 | ||
| LOK | |0 008 221011||||||||||||||||ger||||||| | ||
| LOK | |0 035 |a (DE-2619)k01083 | ||
| LOK | |0 040 |a DE-2619 |c DE-627 |d DE-2619 | ||
| LOK | |0 092 |o n | ||
| LOK | |0 541 |e Bestand Albert-Krebs-Bibliothek: 1996-1224 | ||
| LOK | |0 852 |a DE-2619 | ||
| LOK | |0 852 1 |c VC.00.015 |m p |9 00 | ||
| LOK | |0 935 |a kreb | ||
| LOK | |0 938 |k p | ||
| LOK | |0 939 |a 11-10-22 |b l01 | ||
| ORI | |a SA-MARC-krimdoka001.raw | ||
| SIG | |a UB: Ee 726;3-2 | ||
| TIM | |a 100019490523_100019901002 |b 1949-05-23 - 1990-10-02 | ||
